Chinese Geography A-Z - Statistics

General Stats
  • This quiz has been taken 62 times
  • The average score is 19 of 26
Answer Stats
Hint Answer % Correct
B Capital formerly known as Peking Beijing
100%
E Mountain that China shares with Nepal Everest
98%
I China has territorial disputes with this country India
96%
M Former Portuguese territory Macau
96%
R People's ________ of China Republic
96%
V Country that borders China to the south Vietnam
96%
W Where the Coronavirus started Wuhan
96%
S China's financial capital Shanghai
95%
T Region annexed in 1950 Tibet
95%
G Largest city in the world by urban area Guangzhou
93%
H Largest ethnic group in China Han
88%
Y River on which W is located Yangtze River
88%
U Capital of Xinjiang Uyghur AR Ürümqi
81%
K Peninsula in Hong Kong Kowloon
74%
X China's newest megacity Xiamen
72%
Z Most common ending for a Chinese city Zhou
72%
C City the size of Austria Chongqing
70%
P Third longest river in China Pearl River
70%
A Landlocked province Anhui
54%
J Capital of Shandong province Jinan
51%
L Capital of Gansu province; famous for handmade noodles Lanzhou
44%
N Smallest autonomous region in China Ningxia
44%
Q The largest lake in China Qinghai Lake
44%
F City near the below Foshan
42%
D The newest airport in Beijing Daxing
26%
O Famous tower in S Oriental Pearl
19%
No matching quizzes found
Score Distribution
Percent of People with Each Score
Percentile by Number Answered
Your Score History
You have not taken this quiz